Memorias Caminantes Proyecto Jóvenes y Memoria /

Cortometraje que narra el exilio de una familia durante la última dictadura militar y su regreso al país con el retorno de la democracia, hasta los Juicios a las Juntas Militares llevados a cabo en Bahía Blanca. Creado por estudiantes con el apoyo de docentes de la Escuela Normal Superior "Vice...

Descripción completa

Guardado en:
Autor Principal: Estudiantes de la ENS.
Formato: Deslizar
Idioma:Undetermined
Publicado: Bahía Blanca, 2011.
Materias:
Etiquetas: Agregar Etiqueta
Sin Etiquetas, Sea el primero en etiquetar este registro!
LEADER 01278ngm a22002415a 4500
001 CEM.cems019520
008 220912s2011####ag#---############vlund#d
005 20240418141743.0
245 1 0 |a Memorias Caminantes  |h [videograbación] :  |b Proyecto Jóvenes y Memoria /  |c Estudiantes ENS. 
260 |a Bahía Blanca,  |c 2011. 
300 |a 10'. 
538 |a Soporte: DVD -- Formato: MPG -- Peso: 491mb -- Resolución: 740 x 480 -- 29.97 fps 
520 |a Cortometraje que narra el exilio de una familia durante la última dictadura militar y su regreso al país con el retorno de la democracia, hasta los Juicios a las Juntas Militares llevados a cabo en Bahía Blanca. Creado por estudiantes con el apoyo de docentes de la Escuela Normal Superior "Vicente Fatone" en el marco del proyecto Jóvenes y Memoria de la Comisión Provincial por la Memoria. Presentado en el 10° encuentro, en Chapadmalal 2011. 
590 |a Identificación anterior: D 161 
100 1 |a Estudiantes de la ENS. 
653 |a ARGENTINA 
653 |a HISTORIA 
653 |a DICTADURA 
653 |a EXILIO 
653 |a DERECHOS HUMANOS 
653 |a PROYECTO JÓVENES Y MEMORIA 
653 |a COMISIÓN PROVINCIAL POR LA MEMORIA 
859 |a CEMS  |b BIB. CEMS - Depto. Recursos Didacticos  |h 982  |i JOV-9  |k DRD  |p 2887.22  |t Ej.2  |v 2